Brochure on industries and infrastructure in Andhra Pradesh (Record no. 497309)

000 -LEADER
fixed length control field 00405cam a22001097a 4500
008 - FIXED-LENGTH DATA ELEMENTS--GENERAL INFORMATION
fixed length control field 180718b1973 xxu||||| |||| 00| 0 eng d
082 ## - DEWEY DECIMAL CLASSIFICATION NUMBER
Classification number T2065x5451 An24
245 ## - TITLE STATEMENT
Title Brochure on industries and infrastructure in Andhra Pradesh
Statement of responsibility, etc. by Bureau of Economics and Statistics, Andhra Pradesh
260 ## - PUBLICATION, DISTRIBUTION, ETC.
Place of publication, distribution, etc. Hyderabad
Name of publisher, distributor, etc. The Author
Date of publication, distribution, etc. 1973
300 ## - PHYSICAL DESCRIPTION
Extent 220p.
700 ## - ADDED ENTRY--PERSONAL NAME
Personal name Andhra Pradesh. Bureau of Economics and Statistics
Holdings
Withdrawn status Lost status Damaged status Not for loan Permanent Location Current Location Date acquired Full call number Barcode Date last seen Price effective from Koha item type
        Indian Institute of Public Administration Indian Institute of Public Administration 2018-08-04 T2065x5451 An24 GG14027 2018-08-04 2018-08-04 GG

Powered by Koha